Central Library OPAC University of Rajshahi

Introduction to atomic and molecular spectroscopy (Record no. 10073)

MARC details
000 -LEADER
fixed length control field 00913nam a22002537a 4500
001 - CONTROL NUMBER
control field 10073
003 - CONTROL NUMBER IDENTIFIER
rucl marc code BD-RjUL
005 - DATE AND TIME OF LATEST TRANSACTION
control field 20211208234904.0
008 - FIXED-LENGTH DATA ELEMENTS--GENERAL INFORMATION
fixed length control field 140122s2007 ii a|||| b||| 001 0 eng d
020 ## - INTERNATIONAL STANDARD BOOK NUMBER
International Standard Book Number 9788173197758
035 ## - SYSTEM CONTROL NUMBER
System control number (BD-RjUL)10120
040 ## - CATALOGING SOURCE
Original cataloging agency BD-RjUL
Language of cataloging eng
Transcribing agency BD-RjUL
041 ## - LANGUAGE CODE
Language code of text/sound track or separate title eng
082 04 - DEWEY DECIMAL CLASSIFICATION NUMBER
Edition number 23
Classification number 539.6
Author mark and year JAI 2007
100 1# - MAIN ENTRY--PERSONAL NAME
Personal name Jain, Vimal Kumar
9 (RLIN) 31081
245 1# - TITLE STATEMENT
Title Introduction to atomic and molecular spectroscopy
Statement of responsibility, etc. Vimal Kumar Jain
260 ## - PUBLICATION, DISTRIBUTION, ETC. (IMPRINT)
Place of publication, distribution, etc. New Dehlhi :
Name of publisher, distributor, etc. Narosa Publishing,
Date of publication, distribution, etc. ©2007.
300 ## - PHYSICAL DESCRIPTION
Pagination 1 v. (various pagings) :
Illustrations ill. ;
Size 25 cm.
504 ## - BIBLIOGRAPHY, ETC. NOTE
Bibliography, etc Includes bibliography and index.
650 ## - SUBJECT ADDED ENTRY--TOPICAL TERM
Topical term or geographic name as entry element Atomic spectroscopy -- Textbooks.
9 (RLIN) 31082
Topical term or geographic name as entry element Molecular spectroscopy -- Textbooks.
9 (RLIN) 31083
856 ## - ELECTRONIC LOCATION AND ACCESS
Materials specified WorldCat
Uniform Resource Identifier <a href="http://www.worldcat.org/title/introduction-to-atomic-and-molecular-spectroscopy/oclc/150354192&referer=brief_results">http://www.worldcat.org/title/introduction-to-atomic-and-molecular-spectroscopy/oclc/150354192&referer=brief_results</a>
942 ## - ADDED ENTRY ELEMENTS (KOHA)
Source of classification or shelving scheme Dewey Decimal Classification
Koha item type Books
Holdings
Lost status Source of classification or shelving scheme Damaged status Not for loan Collection code Permanent Location Current Location Shelving location Date acquired Source of acquisition Cost, normal purchase price Total Checkouts Full call number Date last seen Date checked out Copy number Koha item type
  Dewey Decimal Classification     Non-fiction Central Library, University of Rajshahi Central Library, University of Rajshahi   13/10/2010 Paragon Ent. 320.00 1 539.6 JAI 2007 10/09/2015 25/08/2015 C-3 Books
  Dewey Decimal Classification     Non-fiction Central Library, University of Rajshahi Central Library, University of Rajshahi   13/10/2010 Paragon Ent. 320.00 2 539.6 JAI 2007 12/03/2020 16/02/2020 C-4 Books
  Dewey Decimal Classification   Not For Loan Non-fiction Central Library, University of Rajshahi Central Library, University of Rajshahi Reading Room 13/10/2010 Paragon Inter. LTD. 320.00   539.6 JAI 2007 04/04/2017   C-1 Books